The gold smugglers / (Record no. 11001)
[ view plain ]
| 000 -LEADER | |
|---|---|
| fixed length control field | 00718cam a22002531a 4500 |
| 001 - CONTROL NUMBER | |
| control field | 8919794 |
| 003 - CONTROL NUMBER IDENTIFIER | |
| control field | OSt |
| 005 - DATE AND TIME OF LATEST TRANSACTION | |
| control field | 20140310182235.0 |
| 008 - FIXED-LENGTH DATA ELEMENTS--GENERAL INFORMATION | |
| fixed length control field | 860814s1962 at a j 000 1 eng |
| 010 ## - LIBRARY OF CONGRESS CONTROL NUMBER | |
| LC control number | 64002976 |
| 035 ## - SYSTEM CONTROL NUMBER | |
| System control number | (OCoLC)14091494 |
| 040 ## - CATALOGING SOURCE | |
| Original cataloging agency | DLC |
| Transcribing agency | MiDW |
| Modifying agency | DLC |
| 050 00 - LIBRARY OF CONGRESS CALL NUMBER | |
| Classification number | PZ 7 |
| Item number | .V889 1969 |
| 082 ## - DEWEY DECIMAL CLASSIFICATION NUMBER | |
| Classification number | FIC |
| Item number | V87g 1969 |
| 100 ## - MAIN ENTRY--PERSONAL NAME | |
| Personal name | Voight, Virginia Frances |
| 9 (RLIN) | 18592 |
| 245 14 - TITLE STATEMENT | |
| Title | The gold smugglers / |
| Statement of responsibility, etc | Virginia Frances Voight. |
| 260 ## - PUBLICATION, DISTRIBUTION, ETC. (IMPRINT) | |
| Place of publication, distribution, etc | New York : |
| Name of publisher, distributor, etc | Scholastic, |
| Date of publication, distribution, etc | c1969. |
| 300 ## - PHYSICAL DESCRIPTION | |
| Extent | 202 p. : |
| Dimensions | 18 cm. |
| 650 #0 - SUBJECT ADDED ENTRY--TOPICAL TERM | |
| Topical term or geographic name as entry element | Smugglers |
| General subdivision | Fiction. |
| 9 (RLIN) | 18593 |
| 700 1# - ADDED ENTRY--PERSONAL NAME | |
| Personal name | Gunn, John, |
| Dates associated with a name | 1925- |
| 9 (RLIN) | 18594 |
| 906 ## - LOCAL DATA ELEMENT F, LDF (RLIN) | |
| a | 7 |
| b | cbc |
| c | oclcrpl |
| d | u |
| e | ncip |
| f | 19 |
| g | y-gencatlg |
| 942 ## - ADDED ENTRY ELEMENTS (KOHA) | |
| Source of classification or shelving scheme | Library of Congress Classification |
| Koha item type | |
| Withdrawn status | Lost status | Source of classification or shelving scheme | Damaged status | Home library | Current library | Shelving location | Date acquired | Total Checkouts | Full call number | Barcode | Date last seen | Copy number | Price effective from | Koha item type |
|---|---|---|---|---|---|---|---|---|---|---|---|---|---|---|
| Library of Congress Classification | Luxembourg Library | Luxembourg Library | Fiction Section | 09/12/2013 | PZ 7 .V889 1969 | 10517 | 05/25/2015 | 1 | 09/12/2013 | Books |